الدولة الفلسطينية : (Record no. 59765)
[ view plain ]
| 000 -الفاتح | |
|---|---|
| حقل البيانات ثابتة الطول | 00974nam a22002297a 4500 |
| 005 - وقت وتاريخ اخر تعامل مع التسجيلة | |
| رقم الضبط | 20240530110335.0 |
| 008 - عناصر البيانات ثابتة الطول - معلومات عامة | |
| حقل البيانات ثابتة الطول | 140903s1991 ua bj gr 000 0 ara d |
| 040 ## - مصدر الفهرسة | |
| وكالة الفهرسة الأصلية | EG-CaGPL |
| 082 04 - رقم تصنيف ديوى العشرى | |
| رقم الطبعة | 21 |
| رقم التصنيف | 915.69 |
| رقم المادة | م د |
| 110 00 - المدخل الرئيسى - إسم هيئة | |
| اسم الهيئة أو اسم السلطة كمدخل | معهد البحوث والدراسات العربية |
| 245 12 - بيان العنوان | |
| العنوان | الدولة الفلسطينية : |
| بقية العنوان | حدودها ومعطياتها وسكانها / |
| بيان المسئوليه,etc | معهد البحوث والدراسات العربية |
| 260 ## - PUBLICATION, DISTRIBUTION, ETC. (IMPRINT) | |
| تاريخ النشر أو التوزيع | 1991 |
| 300 ## - الوصف المادى | |
| التعداد | 659 ص ؛ |
| أبعاد الوعاء | 32 سم |
| 650 07 - المدخل الاضافى بالموضوع-مصطلح موضوعى | |
| مصطلح موضوعي | المسطوتنات اليهودية |
| 650 07 - المدخل الاضافى بالموضوع-مصطلح موضوعى | |
| مصطلح موضوعي | الموارد المائية |
| التقسيم الفرعي الجغرافي | فلسطين |
| 651 07 - المدخل الاضافى بالموضوع - اسم جغرافى | |
| الاسم الجغرافي | فلسطين |
| التقسيم الفرعي العام | الحدود السياسية |
| 651 07 - المدخل الاضافى بالموضوع - اسم جغرافى | |
| الاسم الجغرافي | فلسطين |
| التقسيم الفرعي العام | المناخ |
| 651 07 - المدخل الاضافى بالموضوع - اسم جغرافى | |
| الاسم الجغرافي | فلسطين |
| التقسيم الفرعي العام | العلاقات الخارجية |
| 651 07 - المدخل الاضافى بالموضوع - اسم جغرافى | |
| الاسم الجغرافي | فلسطين |
| التقسيم الفرعي العام | التجارة الخارجية |
| 651 07 - المدخل الاضافى بالموضوع - اسم جغرافى | |
| الاسم الجغرافي | فلسطين |
| التقسيم الفرعي العام | السكان |
| 942 ## - عناصر المدخل الإضافي( كوها) | |
| مصدر التصنيف او مخطط الترفيف | Dewey Decimal Classification |
| Koha [default] item type | كتاب |
| 260 ## - PUBLICATION, DISTRIBUTION, ETC. (IMPRINT) | |
| -- | القاهرة : |
| -- | معهد البحوث والدراسات العربية ، |
| حالة التراجع | حالة الفقد | حالة تلف | ليس للاعارة | المكان المؤقت | الموقع الحالى | تاريخ الاكتساب | اجمالي اﻻعارات | رقم الطلب | الباركود | تاريخ اخر مشاهدة | تاريخ تفعيل السعر | نوع وعاء كوها |
|---|---|---|---|---|---|---|---|---|---|---|---|---|
| مكتبة القاهرة الكبرى | مكتبة القاهرة الكبرى | 09/03/2014 | 915.69 م د | 158685 | 09/03/2014 | 09/03/2014 | كتاب |

